Revista lusófona de educação

Detalles Bibliográficos
Autor Corporativo: Universidade Lusófona de Humanidades e Tecnologias
Formato: Electrónico Revista
Lenguaje:portugués
Publicado: [Lisboa, Portugal] : [Universidade Lusofona de Humanidades e Tecnologías]
Materias:
Acceso en línea:Full text available from Research Library: 01/01/2014 to present

MARC

LEADER 00000nas a2200000 a 4500
001 ssj0068729
003 WaSeSS
005 20200512172242.0
006 m d
007 cr n
008 081217c20039999po fr pss 0 0por c
010 |a  2010240553 
016 7 |a 2495063-4  |2 DE-600 
022 |a 1646-401X 
035 |a (WaSeSS)ssj0068729 
040 |a CGU  |b eng  |c CGU  |d TOH  |d CCO  |d HEBIS  |d IXA  |d CUS  |d OCLCF  |d OCLCO  |d OCLCQ  |d AU@  |d VT2  |d WaSeSS 
042 |a pcc 
050 1 4 |a L41 
245 0 0 |a Revista lusófona de educação  |h [electronic resource]. 
260 |a [Lisboa, Portugal] :  |b [Universidade Lusofona de Humanidades e Tecnologías] 
310 |a Semiannual 
362 1 |a Began with: [No.] 01 (2003). 
506 |a License restrictions may limit access. 
588 |a Description based on: [No.] 01 (2003); title from PDF title page (publisher's Web site, viewed on Dec. 17, 2008). 
588 |a Latest issue consulted: Vol. 15, no. 15 (2010) (viewed on Sept. 20, 2010). 
650 0 |a Education  |v Periodicals. 
650 7 |a Education.  |2 fast  |0 (OCoLC)fst00902499 
655 0 |a Electronic journals. 
710 2 |a Universidade Lusófona de Humanidades e Tecnologias. 
776 0 8 |i Print version:  |t Revista lusófona de educação  |x 1645-7250 
856 4 0 |z Full text available from Research Library: 01/01/2014 to present  |u https://search.proquest.com/publication/2040951